[Event "DEM U10w 2023"]
[Site "Willingen GER"]
[Date "2023.05.28"]
[Round "2"]
[White "Tu, Tiffany"]
[Black "Bharathula, Akhila"]
[Result "1-0"]
[Termination "normal"]
[Board "8"]
[WhiteElo "1071"]
[BlackElo "1117"]
[WhiteClock "00:57:02"]
[BlackClock "00:56:54"]
[PlyCount "81"]
[WhiteFideId "34628576"]
[BlackFideId "34641777"]
[EventCountry "GER"]
[EventRounds "11"]
[EventType "swiss"]
[EventDate "2023.05.27"]

1. e4 {[%clk 01:15:56]} {[%emt 00:00:03]} e5 {[%clk 01:15:56]} {[%emt
00:00:05]} 2. Nf3 {[%clk 01:16:19]} {[%emt 00:00:06]} Nc6 {[%clk 01:16:18]}
{[%emt 00:00:09]} 3. Bb5 {[%clk 01:16:37]} {[%emt 00:00:11]} Bc5 {[%clk
01:15:59]} {[%emt 00:00:50]} 4. c3 {[%clk 01:16:51]} {[%emt 00:00:15]} Nge7
{[%clk 01:15:33]} {[%emt 00:00:56]} 5. O-O {[%clk 01:14:55]} {[%emt 00:02:26]}
O-O {[%clk 01:15:26]} {[%emt 00:00:38]} 6. d4 {[%clk 01:14:18]} {[%emt
00:01:04]} exd4 {[%clk 01:15:29]} {[%emt 00:00:29]} 7. cxd4 {[%clk 01:14:36]}
{[%emt 00:00:11]} Bb6 {[%clk 01:15:16]} {[%emt 00:00:44]} 8. Re1 {[%clk
01:13:45]} {[%emt 00:01:20]} d5 {[%clk 01:14:42]} {[%emt 00:01:06]} 9. Nc3
{[%clk 01:12:27]} {[%emt 00:01:47]} dxe4 {[%clk 01:14:35]} {[%emt 00:00:38]}
10. Rxe4 {[%clk 01:10:21]} {[%emt 00:02:34]} Bf5 {[%clk 01:12:28]} {[%emt
00:02:38]} 11. Rf4 {[%clk 01:09:43]} {[%emt 00:01:07]} Qc8 {[%clk 01:10:55]}
{[%emt 00:02:04]} 12. d5 {[%clk 01:07:53]} {[%emt 00:02:15]} Ng6 {[%clk
01:09:01]} {[%emt 00:02:30]} 13. Rxf5 {[%clk 01:06:45]} {[%emt 00:01:38]} Qxf5
{[%clk 01:09:21]} {[%emt 00:00:09]} 14. dxc6 {[%clk 01:07:04]} {[%emt
00:00:10]} bxc6 {[%clk 01:09:23]} {[%emt 00:00:29]} 15. Bxc6 {[%clk 01:07:20]}
{[%emt 00:00:14]} Rad8 {[%clk 01:09:40]} {[%emt 00:00:13]} 16. Qe2 {[%clk
01:06:49]} {[%emt 00:00:46]} Qe6 {[%clk 01:07:31]} {[%emt 00:02:54]} 17. Qxe6
{[%clk 01:05:26]} {[%emt 00:01:46]} fxe6 {[%clk 01:07:54]} {[%emt 00:00:14]}
18. Bg5 {[%clk 01:01:38]} {[%emt 00:04:19]} Rd6 {[%clk 01:07:24]} {[%emt
00:00:59]} 19. Be4 {[%clk 01:00:07]} {[%emt 00:01:47]} Rf7 {[%clk 01:04:01]}
{[%emt 00:04:07]} 20. Rf1 {[%clk 00:58:19]} {[%emt 00:02:17]} Rfd7 {[%clk
00:59:22]} {[%emt 00:05:10]} 21. Bxg6 {[%clk 00:57:46]} {[%emt 00:01:02]} hxg6
{[%clk 00:59:34]} {[%emt 00:00:19]} 22. Ne5 {[%clk 00:57:55]} {[%emt 00:00:20]}
Bd4 {[%clk 00:56:23]} {[%emt 00:03:42]} 23. Nxd7 {[%clk 00:57:44]} {[%emt
00:00:39]} Bxc3 {[%clk 00:56:04]} {[%emt 00:00:51]} 24. bxc3 {[%clk 00:58:04]}
{[%emt 00:00:10]} Rxd7 {[%clk 00:56:26]} {[%emt 00:00:09]} 25. Re1 {[%clk
00:56:14]} {[%emt 00:02:10]} e5 {[%clk 00:54:09]} {[%emt 00:02:56]} 26. h3
{[%clk 00:56:03]} {[%emt 00:00:27]} Rd3 {[%clk 00:53:33]} {[%emt 00:01:20]} 27.
Rxe5 {[%clk 00:54:55]} {[%emt 00:01:38]} Rxc3 {[%clk 00:53:56]} {[%emt
00:00:08]} 28. Ra5 {[%clk 00:55:11]} {[%emt 00:00:13]} c6 {[%clk 00:53:30]}
{[%emt 00:00:56]} 29. Rxa7 {[%clk 00:54:38]} {[%emt 00:01:04]} Rc5 {[%clk
00:53:47]} {[%emt 00:00:13]} 30. Be3 {[%clk 00:54:44]} {[%emt 00:00:23]} Rc4
{[%clk 00:54:07]} {[%emt 00:00:09]} 31. Ra8+ {[%clk 00:55:05]} {[%emt
00:00:11]} Kf7 {[%clk 00:54:28]} {[%emt 00:00:07]} 32. a4 {[%clk 00:55:27]}
{[%emt 00:00:09]} Ke7 {[%clk 00:54:43]} {[%emt 00:00:15]} 33. a5 {[%clk
00:55:46]} {[%emt 00:00:11]} Kd7 {[%clk 00:55:09]} {[%emt 00:00:05]} 34. a6
{[%emt 00:00:21]} Kc7 {[%clk 00:55:33]} {[%emt 00:00:03]} 35. a7 {[%clk
00:56:08]} {[%emt 00:00:20]} Kb7 {[%clk 00:55:57]} {[%emt 00:00:06]} 36. Rb8+
{[%clk 00:56:28]} {[%emt 00:00:10]} Kc7 {[%clk 00:56:06]} {[%emt 00:00:21]} 37.
a8=Q {[%clk 00:56:38]} {[%emt 00:00:19]} Ra4 {[%emt 00:00:44]} 38. Qb7+ {[%clk
00:56:45]} {[%emt 00:00:01]} Kd6 {[%clk 00:56:34]} {[%emt 00:00:10]} 39. Rd8+
{[%clk 00:57:03]} {[%emt 00:00:12]} Ke5 {[%clk 00:56:42]} {[%emt 00:00:21]} 40.
Qe7+ {[%clk 00:57:27]} {[%emt 00:00:08]} Kf5 {[%clk 00:56:54]} {[%emt
00:00:17]} 41. Rf8# {[%clk 00:57:02]} {[%emt 00:00:23]} 1-0

[Event "DEM U10w 2023"]
[Site "Willingen GER"]
[Date "2023.05.28"]
[Round "2"]
[White "Döscher, Nayla"]
[Black "Tischlinger, Lara"]
[Result "0-1"]
[Termination "normal"]
[Board "9"]
[WhiteElo "1111"]
[BlackElo "1238"]
[WhiteClock "00:19:07"]
[BlackClock "00:32:46"]
[PlyCount "50"]
[WhiteFideId "34625046"]
[BlackFideId "34663401"]
[EventCountry "GER"]
[EventRounds "11"]
[EventType "swiss"]
[EventDate "2023.05.27"]

1. e4 {[%clk 01:15:58]} {[%emt 00:00:01]} e5 {[%clk 01:15:55]} {[%emt
00:00:06]} 2. Nc3 {[%clk 01:16:20]} {[%emt 00:00:07]} Nf6 {[%clk 01:16:18]}
{[%emt 00:00:08]} 3. Nf3 {[%clk 01:16:39]} {[%emt 00:00:10]} Nc6 {[%clk
01:16:41]} {[%emt 00:00:07]} 4. Bb5 {[%clk 01:16:37]} {[%emt 00:00:32]} Nd4
{[%clk 01:17:02]} {[%emt 00:00:10]} 5. Nxd4 {[%clk 01:15:36]} {[%emt 00:01:30]}
exd4 {[%clk 01:17:07]} {[%emt 00:00:23]} 6. Ne2 {[%clk 01:14:51]} {[%emt
00:01:17]} Nxe4 {[%clk 01:14:45]} {[%emt 00:02:52]} 7. d3 {[%clk 01:10:02]}
{[%emt 00:05:19]} Bb4+ {[%clk 01:13:06]} {[%emt 00:02:10]} 8. Kf1 {[%clk
01:06:44]} {[%emt 00:03:45]} Nd6 {[%clk 01:08:17]} {[%emt 00:05:21]} 9. Ba4
{[%clk 01:00:19]} {[%emt 00:06:55]} Nf5 {[%clk 01:05:24]} {[%emt 00:03:24]} 10.
Bd2 {[%clk 00:55:41]} {[%emt 00:05:07]} Bxd2 {[%clk 01:04:13]} {[%emt
00:01:40]} 11. Qxd2 {[%clk 00:51:28]} {[%emt 00:04:44]} O-O {[%clk 01:03:22]}
{[%emt 00:01:21]} 12. Qf4 {[%clk 00:49:56]} {[%emt 00:01:52]} Re8 {[%clk
00:57:50]} {[%emt 00:06:12]} 13. Qxf5 {[%clk 00:45:27]} {[%emt 00:04:59]} d5
{[%clk 00:47:44]} {[%emt 00:10:36]} 14. Qf4 {[%clk 00:43:33]} {[%emt 00:01:54]}
Re6 {[%clk 00:46:47]} {[%emt 00:01:56]} 15. Nxd4 {[%clk 00:41:16]} {[%emt
00:02:48]} Rf6 {[%clk 00:46:25]} {[%emt 00:00:53]} 16. Qe5 {[%clk 00:39:42]}
{[%emt 00:02:00]} c5 {[%clk 00:42:30]} {[%emt 00:04:29]} 17. Nf3 {[%clk
00:37:22]} {[%emt 00:02:40]} c4 {[%clk 00:40:03]} {[%emt 00:03:07]} 18. Re1
{[%clk 00:31:35]} {[%emt 00:06:15]} Bd7 {[%clk 00:38:19]} {[%emt 00:02:16]} 19.
Bxd7 {[%clk 00:31:20]} {[%emt 00:00:44]} Qxd7 {[%clk 00:37:44]} {[%emt
00:01:05]} 20. Qe7 {[%clk 00:25:21]} {[%emt 00:06:26]} Qc8 {[%clk 00:33:35]}
{[%emt 00:04:42]} 21. Nd4 {[%clk 00:23:44]} {[%emt 00:02:07]} h6 {[%clk
00:32:26]} {[%emt 00:01:39]} 22. Re2 {[%clk 00:22:18]} {[%emt 00:01:56]} cxd3
{[%clk 00:32:18]} {[%emt 00:00:39]} 23. cxd3 {[%clk 00:21:56]} {[%emt
00:00:51]} Qc1+ {[%clk 00:32:18]} {[%emt 00:00:31]} 24. Re1 {[%clk 00:22:07]}
{[%emt 00:00:18]} Qxb2 {[%clk 00:32:25]} {[%emt 00:00:23]} 25. Nb3 {[%clk
00:19:07]} {[%emt 00:03:30]} Qxf2# {[%clk 00:32:46]} {[%emt 00:00:08]} 0-1

[Event "DEM U10w 2023"]
[Site "Willingen GER"]
[Date "2023.05.28"]
[Round "2"]
[White "Guruprasad, Aditi"]
[Black "Kübart, Ela Marie"]
[Result "0-1"]
[Termination "normal"]
[Board "10"]
[WhiteElo "893"]
[BlackElo "1198"]
[WhiteClock "00:54:24"]
[BlackClock "00:52:07"]
[PlyCount "108"]
[BlackFideId "34633723"]
[EventCountry "GER"]
[EventRounds "11"]
[EventType "swiss"]
[EventDate "2023.05.27"]

1. e4 {[%clk 01:15:57]} {[%emt 00:00:02]} e5 {[%clk 01:15:54]} {[%emt
00:00:06]} 2. Nf3 {[%clk 01:16:23]} {[%emt 00:00:05]} Nc6 {[%clk 01:16:16]}
{[%emt 00:00:07]} 3. Nc3 {[%clk 01:16:19]} {[%emt 00:00:34]} Nf6 {[%clk
01:16:32]} {[%emt 00:00:14]} 4. Bc4 {[%clk 01:15:42]} {[%emt 00:01:06]} Bb4
{[%clk 01:14:07]} {[%emt 00:02:56]} 5. d3 {[%clk 01:15:19]} {[%emt 00:00:53]}
Bxc3+ {[%clk 01:13:57]} {[%emt 00:00:40]} 6. bxc3 {[%clk 01:15:41]} {[%emt
00:00:08]} d5 {[%clk 01:13:50]} {[%emt 00:00:36]} 7. exd5 {[%clk 01:14:22]}
{[%emt 00:01:50]} Nxd5 {[%clk 01:14:07]} {[%emt 00:00:13]} 8. Bxd5 {[%clk
01:13:28]} {[%emt 00:01:25]} Qxd5 {[%clk 01:14:14]} {[%emt 00:00:21]} 9. c4
{[%clk 01:13:00]} {[%emt 00:00:58]} Qd6 {[%clk 01:14:04]} {[%emt 00:00:38]} 10.
Bb2 {[%clk 01:11:29]} {[%emt 00:02:03]} Bg4 {[%clk 01:13:36]} {[%emt 00:00:58]}
11. h3 {[%clk 01:10:35]} {[%emt 00:01:25]} Bh5 {[%clk 01:13:50]} {[%emt
00:00:16]} 12. Qe2 {[%clk 01:08:38]} {[%emt 00:02:12]} f6 {[%clk 01:11:54]}
{[%emt 00:02:41]} 13. Qe3 {[%clk 01:07:54]} {[%emt 00:01:11]} O-O-O {[%clk
01:10:57]} {[%emt 00:01:30]} 14. O-O-O {[%clk 01:07:04]} {[%emt 00:01:21]} Bxf3
{[%clk 01:10:02]} {[%emt 00:01:23]} 15. Qxf3 {[%clk 01:05:54]} {[%emt
00:01:39]} Nd4 {[%clk 01:06:51]} {[%emt 00:03:42]} 16. Qg4+ {[%clk 01:05:39]}
{[%emt 00:00:41]} Qd7 {[%clk 01:05:27]} {[%emt 00:01:55]} 17. Qxd7+ {[%clk
01:04:33]} {[%emt 00:01:41]} Rxd7 {[%clk 01:05:37]} {[%emt 00:00:19]} 18. Bxd4
{[%clk 01:03:40]} {[%emt 00:01:22]} Rxd4 {[%clk 01:05:20]} {[%emt 00:00:47]}
19. c3 {[%clk 01:02:20]} {[%emt 00:01:51]} Rd6 {[%clk 01:05:03]} {[%emt
00:00:48]} 20. Rd2 {[%clk 01:01:32]} {[%emt 00:01:17]} Rhd8 {[%clk 01:03:05]}
{[%emt 00:02:26]} 21. Rhd1 {[%clk 01:01:47]} {[%emt 00:00:17]} Ra6 {[%clk
01:02:53]} {[%emt 00:00:35]} 22. Kb1 {[%clk 01:00:57]} {[%emt 00:01:27]} f5
{[%clk 01:01:41]} {[%emt 00:01:40]} 23. d4 {[%clk 01:01:06]} {[%emt 00:00:20]}
Rad6 {[%clk 01:01:14]} {[%emt 00:00:58]} 24. c5 {[%clk 01:01:09]} {[%emt
00:00:27]} Rd5 {[%clk 01:00:48]} {[%emt 00:00:57]} 25. Kc2 {[%clk 01:01:10]}
{[%emt 00:00:26]} exd4 {[%clk 00:59:00]} {[%emt 00:02:22]} 26. Rxd4 {[%clk
01:01:07]} {[%emt 00:00:31]} Rxd4 {[%clk 00:58:32]} {[%emt 00:01:00]} 27. cxd4
{[%clk 01:01:29]} {[%emt 00:00:08]} Re8 {[%clk 00:57:55]} {[%emt 00:01:07]} 28.
Rd2 {[%clk 01:00:58]} {[%emt 00:00:57]} Kd7 {[%clk 00:57:46]} {[%emt 00:00:40]}
29. f3 {[%clk 00:57:07]} {[%emt 00:04:03]} b6 {[%clk 00:56:56]} {[%emt
00:01:41]} 30. cxb6 {[%clk 00:56:39]} {[%emt 00:00:58]} axb6 {[%clk 00:57:10]}
{[%emt 00:00:16]} 31. Kc3 {[%clk 00:56:05]} {[%emt 00:01:02]} Re6 {[%clk
00:56:17]} {[%emt 00:01:24]} 32. d5 {[%clk 00:53:43]} {[%emt 00:02:53]} Rd6
{[%clk 00:55:55]} {[%emt 00:00:51]} 33. a4 {[%clk 00:53:00]} {[%emt 00:01:14]}
Ke7 {[%clk 00:53:44]} {[%emt 00:02:40]} 34. g4 {[%clk 00:52:51]} {[%emt
00:00:40]} fxg4 {[%clk 00:53:18]} {[%emt 00:00:55]} 35. Kc4 {[%clk 00:52:37]}
{[%emt 00:00:43]} gxf3 {[%clk 00:52:28]} {[%emt 00:01:20]} 36. Rf2 {[%clk
00:51:03]} {[%emt 00:02:03]} Rf6 {[%clk 00:50:51]} {[%emt 00:02:09]} 37. Kd4
{[%clk 00:51:05]} {[%emt 00:00:30]} Rf4+ {[%clk 00:49:42]} {[%emt 00:01:38]}
38. Ke3 {[%clk 00:51:18]} {[%emt 00:00:17]} Rxa4 {[%clk 00:49:46]} {[%emt
00:00:28]} 39. Rxf3 {[%clk 00:51:33]} {[%emt 00:00:15]} Ra3+ {[%clk 00:50:01]}
{[%emt 00:00:15]} 40. Ke4 {[%clk 00:51:33]} {[%emt 00:00:30]} Rxf3 {[%clk
00:50:06]} {[%emt 00:00:25]} 41. Kxf3 {[%clk 00:51:57]} {[%emt 00:00:07]} Kd6
{[%clk 00:50:22]} {[%emt 00:00:12]} 42. Ke4 {[%clk 00:50:33]} {[%emt 00:01:55]}
c6 {[%clk 00:50:31]} {[%emt 00:00:21]} 43. dxc6 {[%clk 00:50:54]} {[%emt
00:00:10]} Kxc6 {[%clk 00:50:55]} {[%emt 00:00:06]} 44. h4 {[%clk 00:51:17]}
{[%emt 00:00:06]} Kd6 {[%clk 00:51:04]} {[%emt 00:00:19]} 45. Kf5 {[%clk
00:51:22]} {[%emt 00:00:27]} b5 {[%clk 00:51:19]} {[%emt 00:00:15]} 46. h5
{[%clk 00:51:35]} {[%emt 00:00:15]} b4 {[%clk 00:51:28]} {[%emt 00:00:23]} 47.
Kg5 {[%clk 00:51:54]} {[%emt 00:00:11]} b3 {[%clk 00:51:36]} {[%emt 00:00:22]}
48. h6 {[%clk 00:52:17]} {[%emt 00:00:08]} gxh6+ {[%clk 00:51:51]} {[%emt
00:00:15]} 49. Kxh6 {[%clk 00:52:35]} {[%emt 00:00:11]} b2 {[%clk 00:52:11]}
{[%emt 00:00:10]} 50. Kxh7 {[%clk 00:53:00]} {[%emt 00:00:06]} b1=Q+ {[%clk
00:52:20]} {[%emt 00:00:18]} 51. Kh8 {[%clk 00:53:25]} {[%emt 00:00:06]} Qb7
{[%clk 00:52:18]} {[%emt 00:00:32]} 52. Kg8 {[%clk 00:53:46]} {[%emt 00:00:11]}
Ke6 {[%clk 00:51:57]} {[%emt 00:00:45]} 53. Kh8 {[%clk 00:54:04]} {[%emt
00:00:17]} Kf6 {[%clk 00:52:17]} {[%emt 00:00:08]} 54. Kg8 {[%clk 00:54:24]}
{[%emt 00:00:12]} Qg7# {[%clk 00:52:07]} {[%emt 00:00:08]} 0-1

[Event "DEM U10w 2023"]
[Site "Willingen GER"]
[Date "2023.05.28"]
[Round "2"]
[White "Englert, Ann"]
[Black "Lu, Sheng"]
[Result "1-0"]
[Termination "normal"]
[Board "11"]
[WhiteElo "1328"]
[BlackElo "1227"]
[WhiteClock "00:47:05"]
[BlackClock "00:45:27"]
[PlyCount "89"]
[WhiteFideId "34606181"]
[BlackFideId "34628061"]
[EventCountry "GER"]
[EventRounds "11"]
[EventType "swiss"]
[EventDate "2023.05.27"]

1. d4 {[%clk 01:15:58]} {[%emt 00:00:01]} d5 {[%clk 01:15:57]} {[%emt
00:00:04]} 2. c4 {[%clk 01:16:23]} {[%emt 00:00:04]} e6 {[%clk 01:16:23]}
{[%emt 00:00:05]} 3. Nc3 {[%clk 01:16:47]} {[%emt 00:00:05]} Nf6 {[%clk
01:16:30]} {[%emt 00:00:08]} 4. cxd5 {[%clk 01:17:11]} {[%emt 00:00:21]} exd5
{[%clk 01:16:53]} {[%emt 00:00:08]} 5. Bf4 {[%clk 01:16:49]} {[%emt 00:00:52]}
Bb4 {[%clk 01:17:06]} {[%emt 00:00:17]} 6. e3 {[%clk 01:17:03]} {[%emt
00:00:14]} Nbd7 {[%clk 01:16:56]} {[%emt 00:00:41]} 7. Bd3 {[%clk 01:17:01]}
{[%emt 00:00:32]} b6 {[%clk 01:16:43]} {[%emt 00:00:43]} 8. Nf3 {[%clk
01:17:15]} {[%emt 00:00:16]} Bb7 {[%clk 01:16:45]} {[%emt 00:00:29]} 9. O-O
{[%clk 01:17:29]} {[%emt 00:00:15]} O-O {[%clk 01:17:02]} {[%emt 00:00:13]} 10.
Qc2 {[%clk 01:17:22]} {[%emt 00:00:36]} c5 {[%clk 01:16:49]} {[%emt 00:00:44]}
11. dxc5 {[%clk 01:16:57]} {[%emt 00:00:54]} bxc5 {[%clk 01:17:05]} {[%emt
00:00:15]} 12. a3 {[%clk 01:17:16]} {[%emt 00:00:12]} Bxc3 {[%clk 01:17:05]}
{[%emt 00:00:29]} 13. Qxc3 {[%clk 01:17:29]} {[%emt 00:00:16]} Rc8 {[%clk
01:16:47]} {[%emt 00:00:49]} 14. Rac1 {[%clk 01:14:11]} {[%emt 00:03:48]} Nb6
{[%clk 01:16:07]} {[%emt 00:01:11]} 15. Bf5 {[%clk 01:13:18]} {[%emt 00:01:21]}
Rc6 {[%clk 01:14:35]} {[%emt 00:02:02]} 16. Ne5 {[%clk 01:12:57]} {[%emt
00:00:51]} Rc7 {[%clk 01:13:36]} {[%emt 00:01:31]} 17. Nd3 {[%clk 01:11:49]}
{[%emt 00:01:36]} Rc6 {[%clk 01:12:25]} {[%emt 00:01:42]} 18. Nxc5 {[%clk
01:09:48]} {[%emt 00:02:31]} Qe7 {[%clk 01:10:51]} {[%emt 00:02:04]} 19. Qa5
{[%clk 01:09:34]} {[%emt 00:00:41]} Ba8 {[%clk 01:08:13]} {[%emt 00:03:10]} 20.
Nd3 {[%clk 01:09:11]} {[%emt 00:00:50]} Nc4 {[%clk 01:06:27]} {[%emt 00:02:21]}
21. Qe1 {[%clk 01:09:04]} {[%emt 00:00:21]} Rd8 {[%clk 01:05:30]} {[%emt
00:01:42]} 22. Nb4 {[%clk 01:06:47]} {[%emt 00:02:47]} Rc5 {[%clk 01:05:08]}
{[%emt 00:00:52]} 23. Qc3 {[%clk 01:06:14]} {[%emt 00:01:02]} a5 {[%clk
01:03:37]} {[%emt 00:02:02]} 24. Nd3 {[%clk 01:06:21]} {[%emt 00:00:22]} Rc6
{[%clk 01:02:41]} {[%emt 00:01:28]} 25. Rfd1 {[%clk 00:59:55]} {[%emt
00:06:55]} Nxe3 {[%clk 01:01:22]} {[%emt 00:01:49]} 26. Qe1 {[%clk 00:59:53]}
{[%emt 00:00:32]} Rxc1 {[%clk 01:01:23]} {[%emt 00:00:30]} 27. Rxc1 {[%clk
01:00:14]} {[%emt 00:00:09]} Nxf5 {[%clk 01:01:33]} {[%emt 00:00:20]} 28. Qxa5
{[%clk 00:58:47]} {[%emt 00:01:57]} h6 {[%clk 01:00:03]} {[%emt 00:01:59]} 29.
Re1 {[%clk 00:57:36]} {[%emt 00:01:40]} Qd7 {[%clk 00:59:04]} {[%emt 00:01:30]}
30. Ne5 {[%clk 00:54:54]} {[%emt 00:03:12]} Qc8 {[%clk 00:57:33]} {[%emt
00:02:00]} 31. Rc1 {[%clk 00:54:54]} {[%emt 00:00:31]} Qb8 {[%clk 00:56:37]}
{[%emt 00:01:27]} 32. Nd3 {[%clk 00:47:19]} {[%emt 00:08:04]} Nd6 {[%clk
00:54:05]} {[%emt 00:02:55]} 33. h3 {[%clk 00:46:31]} {[%emt 00:01:25]} Qb5
{[%clk 00:50:45]} {[%emt 00:03:50]} 34. Qxd8+ {[%clk 00:46:48]} {[%emt
00:00:13]} Nde8 {[%clk 00:49:56]} {[%emt 00:01:20]} 35. Qxa8 {[%clk 00:46:46]}
{[%emt 00:00:32]} Qxd3 {[%clk 00:49:56]} {[%emt 00:00:29]} 36. Qa4 {[%clk
00:46:49]} {[%emt 00:00:25]} Qe2 {[%clk 00:48:31]} {[%emt 00:01:56]} 37. Qc2
{[%clk 00:47:16]} {[%emt 00:00:05]} Qb5 {[%clk 00:47:31]} {[%emt 00:01:29]} 38.
Be5 {[%clk 00:47:21]} {[%emt 00:00:24]} Qb6 {[%clk 00:46:19]} {[%emt 00:01:43]}
39. b4 {[%clk 00:47:02]} {[%emt 00:00:49]} Qb5 {[%clk 00:46:08]} {[%emt
00:00:41]} 40. Qc6 {[%clk 00:47:10]} {[%emt 00:00:16]} Qd3 {[%clk 00:45:25]}
{[%emt 00:01:19]} 41. Qc8 {[%clk 00:46:10]} {[%emt 00:01:29]} Kf8 {[%clk
00:44:39]} {[%emt 00:01:17]} 42. Bd6+ {[%clk 00:46:15]} {[%emt 00:00:25]} Kg8
{[%clk 00:44:56]} {[%emt 00:00:13]} 43. Be7 {[%clk 00:46:35]} {[%emt 00:00:10]}
Kh7 {[%clk 00:45:03]} {[%emt 00:00:22]} 44. Qc2 {[%clk 00:46:41]} {[%emt
00:00:25]} Qxc2 {[%clk 00:45:27]} {[%emt 00:00:06]} 45. Rxc2 {[%clk 00:47:05]}
{[%emt 00:00:06]} 1-0